00975cam a22003013a 450000100060000000300060000600500170001200800410002904000150007004200070008505000070009210000310009924500790013026000290020950600730023851600200031165300160033165300290034765300310037670000320040770000320043970000310047183000290050285600420053194200070057399900190058095200740059919269PGUSA20140828083416.0060916s2006||||xxu|||||s|||||000 | eng d aPGUSAbeng adc 4aBP1 aUniversal House of Justice12aA Compilaton on Womenh[electronic resource] /cUniversal House of Justice bProject Gutenberg,c2006 aCopyrighted. Read the copyright notice inside this book for details. aElectronic text aBahai Faith aWomen in the Bahai Faith aWomen -- Religious aspects1 aShoghi, Effendi,d1897-19571 aBahá'u'lláh,d1817-18921 a`Abdu'l-Bahá,d1844-1921 0aProject Gutenbergv1926940uhttp://www.gutenberg.org/ebooks/19269 cEB c248524d248524 001040aGTBbGTBd2014-08-28l0r2014-08-28 00:00:00w2014-08-28yEB